<?xml version="1.0" encoding="UTF-8"?><?xml-stylesheet type="text/xsl" href="static/style.xsl"?><OAI-PMH xmlns="http://www.openarchives.org/OAI/2.0/" xmlns:xsi="http://www.w3.org/2001/XMLSchema-instance" xsi:schemaLocation="http://www.openarchives.org/OAI/2.0/ http://www.openarchives.org/OAI/2.0/OAI-PMH.xsd"><responseDate>2026-04-19T05:28:24Z</responseDate><request verb="GetRecord" identifier="oai:riubu.ubu.es:10259/4388" metadataPrefix="marc">https://riubu.ubu.es/oai/request</request><GetRecord><record><header><identifier>oai:riubu.ubu.es:10259/4388</identifier><datestamp>2022-04-29T12:02:48Z</datestamp><setSpec>com_10259_4386</setSpec><setSpec>com_10259_5086</setSpec><setSpec>com_10259_2604</setSpec><setSpec>col_10259_4387</setSpec></header><metadata><record xmlns="http://www.loc.gov/MARC21/slim" xmlns:doc="http://www.lyncode.com/xoai" xmlns:xsi="http://www.w3.org/2001/XMLSchema-instance" xmlns:dcterms="http://purl.org/dc/terms/" xsi:schemaLocation="http://www.loc.gov/MARC21/slim http://www.loc.gov/standards/marcxml/schema/MARC21slim.xsd">
<leader>00925njm 22002777a 4500</leader>
<datafield tag="042" ind1=" " ind2=" ">
<subfield code="a">dc</subfield>
</datafield>
<datafield tag="720" ind1=" " ind2=" ">
<subfield code="a">Álvarez Castillo, José Luis</subfield>
<subfield code="e">author</subfield>
</datafield>
<datafield tag="720" ind1=" " ind2=" ">
<subfield code="a">Jiménez Eguizábal, Alfredo</subfield>
<subfield code="e">author</subfield>
</datafield>
<datafield tag="720" ind1=" " ind2=" ">
<subfield code="a">Palmero Cámara, María del Carmen</subfield>
<subfield code="e">author</subfield>
</datafield>
<datafield tag="720" ind1=" " ind2=" ">
<subfield code="a">González González, Hugo</subfield>
<subfield code="e">author</subfield>
</datafield>
<datafield tag="260" ind1=" " ind2=" ">
<subfield code="c">2014-01</subfield>
</datafield>
<datafield tag="520" ind1=" " ind2=" ">
<subfield code="a">Inhibition of prejudice appears to be more problematic for older adults, hence the need to develop programs to reduce intergroup bias at later stages in life. Perspective taking was analyzed in this study, as one of various cognitive strategies that have been shown to reduce such bias. Data on a sample of 63 Spanish participants with a mean age of 64.1 years was gathered after an intervention based on mental imagery, aimed at reducing explicit prejudice. A wide array of variables was measured (personality traits, values, empathy, and attribution) which may moderate effectiveness in perspective taking. Despite no main effect was found, effects due to interaction of perspective taking found in OLS regression analysis revealed that perspective taking based intervention was effective for some older adults, particularly those who had low scores on agreeableness, empathy, and universalism, and high scores on conformity. The conclusions suggest that perspective taking might be successfully applied to some profiles of older people albeit it is not as strong and transferable strategy as it used to be thought.</subfield>
</datafield>
<datafield tag="520" ind1=" " ind2=" ">
<subfield code="a">La inhibición del prejuicio resulta más problemática en personas mayores, de lo que se deriva la necesidad de desarrollar programas que reduzcan el sesgo intergrupal en los estadios avanzados de la vida. En el presente estudio se analizó la toma de perspectiva como una de las estrategias capaces de reducir este tipo de sesgo. Se recogieron datos en una muestra de 63 participantes españoles con una edad media de 64.1 años, en la que se implementó una intervención basada en imaginería mental, dirigida a la reducción del prejuicio. Asimismo, se midieron diversas variables que podían modular la efectividad de la toma de perspectiva (personalidad, valores, empatía y atribución). Aunque no se encontró ningún efecto principal, los debidos a la interacción de la toma de perspectiva y los moduladores, hallados en el análisis de regresión por mínimos cuadrados ordinarios, revelaron que la intervención basada en la inducción de toma de perspectiva fue efectiva en determinadas personas mayores, particularmente en aquellas que puntuaron bajo en amabilidad, empatía y universalismo, y alto en conformismo. En las conclusiones se sugiere que la toma de perspectiva podría ser aplicada con éxito en determinados perfiles de adultos mayores, aunque no se trata de una estrategia tan potente y transferible como se pensaba.</subfield>
</datafield>
<datafield tag="024" ind2=" " ind1="8">
<subfield code="a">http://hdl.handle.net/10259/4388</subfield>
</datafield>
<datafield ind1=" " ind2=" " tag="653">
<subfield code="a">Prejudice</subfield>
</datafield>
<datafield ind1=" " ind2=" " tag="653">
<subfield code="a">Older Adults</subfield>
</datafield>
<datafield ind1=" " ind2=" " tag="653">
<subfield code="a">Perspective Taking</subfield>
</datafield>
<datafield ind1=" " ind2=" " tag="653">
<subfield code="a">Social Cognition</subfield>
</datafield>
<datafield ind1=" " ind2=" " tag="653">
<subfield code="a">Prejuicio</subfield>
</datafield>
<datafield ind1=" " ind2=" " tag="653">
<subfield code="a">Personas mayores</subfield>
</datafield>
<datafield ind1=" " ind2=" " tag="653">
<subfield code="a">Toma de perspectiva</subfield>
</datafield>
<datafield ind1=" " ind2=" " tag="653">
<subfield code="a">Cognición social</subfield>
</datafield>
<datafield tag="245" ind1="0" ind2="0">
<subfield code="a">The fight against prejudice in older adults: perspective taking effectiveness</subfield>
</datafield>
</record></metadata></record></GetRecord></OAI-PMH>